4 Letter Word Chain Quiz - Statistics

General Stats
  • This quiz has been taken 2,569 times
    1,745 since last reset
  • The average score is 19 of 22
Answer Stats
Hint Answer % Correct
The male equivalent to a queen King
100%
The thing you use to smell things Nose
99%
What you wash your hands with Soap
98%
What you may call your father's sister Aunt
97%
The currency in France Euro
97%
Fast food restaurant: _ _ _ _ Bell Taco
97%
What you may call your mother's mother Gran
96%
What you sit on and watch TV on Sofa
95%
The yellow bit in an egg Yolk
94%
A large outdoor area sometimes with swings and a slide Park
93%
The plural of the liquid you get from olive Oils
92%
A hairstyle which is large and curly Afro
91%
The plural of what you make porridge with Oats
89%
An imperial measurement, also what beer is measured in Pint
89%
A word for someone of the female gender Lady
83%
The Spanish for eight Ocho
82%
If you pronounced 's' as 'th' you have a ____ Lisp
78%
Another way to say cyan or turquoise Teal
78%
What the impostor does in Among Us Kill
76%
What you fire pottery in Kiln
76%
A plant with long ridged seed pods, also a vegetable Okra
69%
Another word for if you were to steal Nick
58%
No matching quizzes found
Score Distribution
Percent of People with Each Score
Percentile by Number Answered
Your Score History
You have not taken this quiz since the last reset